Science Teacher Edition - 3 (Record no. 566)

MARC details
000 -LEADER
fixed length control field 00302nam a2200109 4500
008 - FIXED-LENGTH DATA ELEMENTS--GENERAL INFORMATION
fixed length control field 160623b xxu||||| |||| 00| 0 eng d
100 ## - MAIN ENTRY--PERSONAL NAME
9 (RLIN) 701
Personal name Mallinson, G.G
245 ## - TITLE STATEMENT
Title Science Teacher Edition - 3
260 ## - PUBLICATION, DISTRIBUTION, ETC. (IMPRINT)
Place of publication, distribution, etc. Can
Name of publisher, distributor, etc. Silver Burdett Com.
Date of publication, distribution, etc. 1978
300 ## - PHYSICAL DESCRIPTION
Extent Science Teacher Edition - 3
942 ## - ADDED ENTRY ELEMENTS (KOHA)
Source of classification or shelving scheme Dewey Decimal Classification
Koha item type BOOK
Holdings
Withdrawn status Lost status Source of classification or shelving scheme Damaged status Not for loan Home library Current library Shelving location Date acquired Total Checkouts Full call number Barcode Date last seen Price effective from Koha item type
    Dewey Decimal Classification     Good Samaritan School Library Good Samaritan School Library   06/23/2016   570 MAL1406 06/23/2016 06/23/2016 BOOK

Powered by Koha